Responses for Show #8379 - Thursday, April 15, 2021

Champion's winnings & consolation amounts matched to the North Valley Community Foundation.

Contestants

[<< previous game]

Lindsay Wilcox, a teacher from Louisville, Kentucky

Mark Dorosin, a civil rights lawyer from Carrboro, North Carolina

Patrick Hume, a project manager originally from Stoneham, Massachusetts (whose 1-day cash winnings total $24,401)

[next game >>]

Jeopardy! Round responses

HEAD FOR THE LIGHT
AUCTION
THE PRESIDENT'S AIRPORT
THIS IS HOW WE DUET
IT'S FRIDAY NIGHT
& I FEEL ALL RIGHT
    $200 21
twinkle

Mark
    $200 16
van Gogh

Lindsay
    $200 26
(Mark: Who is Clinton? [*]?)
(Aaron: Right, needed both names there.)

Hillary Clinton & Bill Clinton

Mark
    $200 4
(Tim) McGraw

Patrick
    $200 1
Chicago

Mark
    $200 2
insulin

Lindsay
    $400 22
a torch

Mark
    $400 17
eBay

Mark
    $400 27
JFK

Patrick
    $400 5
"A Whole New World"

Patrick
    $400 9
rum

Mark
    $400 3
a steroid

Mark
    $600 23
faint

Lindsay
    $600 18
Ferrari

Patrick
    $600 28
Houston

Lindsay
    $600 6
Alicia Keys

Lindsay
    $600 10
(Lindsay: What is Dives, Diners and Drive-Ins?)

Diners, Drive-Ins and Dives

PatrickLindsay
    $1,500 13
nitroglycerin

Patrick
    $800 24
a floodlight

Mark
    $800 19
a wah-wah pedal

Patrick
    $800 29
Springfield

Mark
    $800 7
Rihanna

Lindsay
    $800 11
a fire pit

Patrick
    $800 14
(Mark: What is anxiety?)

blood pressure

PatrickMark
    $1000 25
(Mark: What is candle power?)

footcandle

Mark
Triple Stumper
    $1000 20
Versailles

Patrick
    $1000 30
Dwight D. Eisenhower (Ike)

Triple Stumper
    $1000 8
Barbra Streisand

Mark
    $1000 12
a Pomeranian

Patrick
    $1000 15
a statin

Lindsay

Scores at the first commercial break (after clue 15):

Patrick Mark Lindsay
$5,300 $1,200 $2,000

Scores at the end of the Jeopardy! Round:

Patrick Mark Lindsay
$8,100 $3,000 $3,400

Double Jeopardy! Round responses

HISTORIC WEAPONS
DOING MOVIES & TV
BURNED BOOKS
GEMS & JEWELRY
CAPITAL "C"
MONEY SLANG
    $400 16
chariots

Patrick
    $400 11
Hopkins

Patrick
    $400 1
Robert Louis Stevenson

Patrick
    $400 23
a pearl

Mark
    $400 19
Copenhagen

Triple Stumper
    $400 6
hundred dollar bills

Lindsay
    $800 17
a bayonet

Patrick
    $800 12
(Woody) Harrelson

Patrick
    $800 2
(Lindsay: Who is Thomas?)

(James) Joyce

MarkLindsay
    $800 24
a garnet

Lindsay
    $800 20
Cape Town

Patrick
    $800 7
clams

Patrick
    $1200 18
lead

Lindsay
    $1200 13
Bruce Willis

Mark
    $1200 3
(Sylvia) Plath

Mark
    $4,000 25
(Lindsay: What is an onyx?)

an opal

Lindsay
    $2,000 29
Cairo

Lindsay
    $1200 8
greenbacks

Mark
    $1600 21
(Mark: What is a... oh.)

a musket

PatrickMark
    $1600 14
(Nicole) Kidman

Patrick
    $1600 4
Edna St. Vincent Millay

Triple Stumper
    $1600 26
lapis lazuli

Lindsay
    $1600 28
(Patrick: What is Cuzco?)

Caracas

PatrickLindsay
    $1600 9
shekels

Lindsay
    $2000 22
a scud

Mark
    $2000 15
(Sarah) Paulson

Patrick
    $2000 5
Volcano

Mark
    $2000 27
sardonyx

Patrick
    $2000 30
Canberra

Patrick
    $2000 10
a sawbuck

Patrick

Scores at the end of the Double Jeopardy! Round:

Patrick Mark Lindsay
$22,100 $10,200 $7,800
(lock game)

[wagering suggestions for these scores]

Final Jeopardy! Round responses

PHYSICS
(Aaron: [To Lindsay] As in the second law of motion and gravitation.)
LindsayWhat is force?
$2,401
MarkWhat are is
$10,000
PatrickWhat is force?
$0
force

Final scores:

Patrick Mark Lindsay
$22,100 $200 $10,201
2-day champion: $46,501 3rd place: $1,000 2nd place: $2,000

Game dynamics:

Coryat scores:

Patrick Mark Lindsay
$21,200 $10,200 $11,000
24 R
(including 1 DD),
1 W
17 R,
3 W
14 R
(including 1 DD),
3 W
(including 1 DD)

Combined Coryat: $42,400

[game clues] [game scores] [suggest correction]

Game tape date: 2021-02-18
The J! Archive is created by fans, for fans. Scraping, republication, monetization, and malicious use prohibited; this site may use cookies and collect identifying information. See terms. The Jeopardy! game show and all elements thereof, including but not limited to copyright and trademark thereto, are the property of Jeopardy Productions, Inc. and are protected under law. This website is not affiliated with, sponsored by, or operated by Jeopardy Productions, Inc. Join the discussion at JBoard.tv.